Anthologie de la nouvelle poésie française. (Record no. 105983)

MARC details
000 -LEADER
campo de control de longitud fija 00900nam a2200265 i 4500
001 - NÚMERO DE CONTROL
campo de control 105983
003 - IDENTIFICADOR DE NÚMERO DE CONTROL
campo de control ES-MaACL
007 - CAMPO FIJO DE DESCRIPCIÓN FÍSICA--INFORMACIÓN GENERAL
campo de control de longitud fija t|
008 - DATOS DE LONGITUD FIJA--INFORMACIÓN GENERAL
campo de control de longitud fija 060919s1969 fr ||||1| fre d
080 ## - NÚMERO DE LA CLASIFICACIÓN DECIMAL UNIVERSAL
Número de la Clasificación Decimal Universal 821.133.1-1(082.2)
245 00 - MENCIÓN DEL TÍTULO
Título Anthologie de la nouvelle poésie française.
Número de parte o sección de la obra T. I /
Mención de responsabilidad, etc. poèmes de Crhistian Bachelin ... [et al.] ; avec un avant-propos de Daniel Gelin ; et un préface de Jean Rosselot.
260 ## - PUBLICACIÓN, DISTRIBUCIÓN, ETC.
Lugar de publicación, distribución, etc. Paris :
Nombre del editor, distribuidor, etc. Libraire Saint-Germain-Des-Prés,
Fecha de publicación, distribución, etc. [1969]
300 ## - DESCRIPCIÓN FÍSICA
Extensión 122 p. ;
Dimensiones 18 cm.
490 1# - MENCIÓN DE SERIE
Mención de serie Poésie ;
Designación de volumen o secuencia 1
500 ## - NOTA GENERAL
Nota general Biblioteca Juan Andrade.
650 17 - PUNTO DE ACCESO ADICIONAL DE MATERIA--TÉRMINO DE MATERIA
Término de materia o nombre geográfico como elemento de entrada Poesía francesa
9 (RLIN) 136726
655 #7 - TERMINO DE INDIZACIÓN--GENERO/FORMA
Fuente del término tgfbne
Datos o término principal de género/forma Poesías
9 (RLIN) 176539
700 1# - ENTRADA AGREGADA--NOMBRE PERSONAL
Nombre de persona Bachelin, Christian.
9 (RLIN) 24470
700 1# - ENTRADA AGREGADA--NOMBRE PERSONAL
Nombre de persona Gelin, Daniel.
9 (RLIN) 56252
700 1# - ENTRADA AGREGADA--NOMBRE PERSONAL
Nombre de persona Rousselot, Jean.
9 (RLIN) 100079
830 0# - PUNTO DE ACCESO ADICIONAL DE SERIE-TÍTULO UNIFORME
Título uniforme Poésie ;
Designación de volumen o secuencia 1
9 (RLIN) 185130
852 ## - LOCALIZACIÓN
Ubicación ES-MaACL
Número de control de estantería AND-912
Sublocalización o colección R.110200
942 ## - ELEMENTOS DE ENTRADA SECUNDARIOS (KOHA)
Fuente del sistema de clasificación o colocación Clasificación decimal universal
Holdings
Estatus retirado Estado de pérdida Estado de daño No para préstamo Biblioteca de origen Biblioteca actual Ubicación en estantería Fecha de adquisición Fuente de adquisición Total de préstamos Signatura topográfica completa Código de barras Visto por última vez Precio de reemplazo Tipo de ítem Koha
        Biblioteca del Ateneo de Madrid Biblioteca del Ateneo de Madrid Depósito 2 17/01/2008     AND-912 1110645 23/02/2023 23/02/2023 Libro impreso